000 00595nam a2200229Ia 4500
001 21812
003 GE_BSU
008 181216s||||||||xx |||||||||||||| ||und||
020 _a3898180557
040 _cGE_BSU
080 _a811.112
100 _aFelgentreu, Simine., Friedrich, Anne-C., Huster, Dr. Sonja., ...
245 _aDuden:Deutsches Basiswissen Schule
260 _aLeipzig
260 _bPaetec
260 _c2002
300 _a287p. 20cm.
541 _h10 Gel.
653 _aDuden:Deutsches Basiswissen Schule
653 _aგერმანული ენა
942 _cBK
999 _c54745
_d54745